[Event "AUTO-OPEN-583"]
[Site "http://www.queenalice.com/game.php?id=178956"]
[Date "2007.3.9"]
[Round "1"]
[White "rover"]
[Black "Viper_SB"]
[Result "1-0"]
[WhiteElo "1500"]
[BlackElo "1716"]

1. e4 e5 2. f4 exf4 3. Nc3 g6 4. Nf3 Bg7 5. d4 d6 6. Bc4 Nf6 7. O-O O-O 8. Bxf4
Bg4 9. h3 Bxf3 10. Qxf3 a6 11. Bg5 Nbd7 12. Nd5 b5 13. Bb3 c6 14. Nxf6+ Bxf6 15.
Bxf6 Nxf6 16. Qxf6 Qxf6 17. Rxf6 Kg7 18. Raf1 Rad8 19. Rxf7+ Rxf7 20. Rxf7+ Kh6
21. Be6 c5 22. d5 b4 23. Ra7 Kg5 24. g3 Kf6 25. Kf2 h5 26. Rxa6 Ke5 27. Ke3 Rf8
28. Ra7 g5 29. Bf5 Kf6 30. Rd7 Ke5 31. Re7+ Kf6 32. Re6+ Kf7 33. Rxd6 Ra8 34. e5
Rxa2 35. b3 Rxc2 36. Bxc2 1-0

[Event "Challenge"]
[Site "http://www.queenalice.com/game.php?id=187248"]
[Date "2007.3.24"]
[Round "-"]
[White "modestyblase"]
[Black "rover"]
[Result "0-1"]
[WhiteElo "2167"]
[BlackElo "1923"]

1. d4 f5 2. c4 Nf6 3. Nc3 g6 4. Nf3 Bg7 5. Qc2 O-O 6. e3 d6 7. Bd3 Nc6 8. a3 e5
9. dxe5 dxe5 10. e4 Nd4 11. Nxd4 exd4 12. Ne2 fxe4 13. Bxe4 Nxe4 14. Qxe4 d3 0-1

[Event "Challenge"]
[Site "http://www.queenalice.com/game.php?id=201492"]
[Date "2007.4.24"]
[Round "-"]
[White "kloosterveen"]
[Black "rover"]
[Result "0-1"]
[WhiteElo "1752"]
[BlackElo "1808"]

1. d4 f5 2. e3 Nf6 3. g3 g6 4. Bg2 Bg7 5. Nf3 O-O 6. O-O d6 7. c4 Nc6 8. Bd2 e5
9. dxe5 dxe5 10. Bc3 Ne4 11. Nfd2 Nxc3 12. Nxc3 e4 13. Rc1 Be6 14. b3 Qd3 15.
Ndb1 Rfd8 16. Qxd3 Rxd3 17. Rfd1 Rad8 18. Nb5 Rxd1+ 0-1

[Event "Challenge"]
[Site "http://www.queenalice.com/game.php?id=201493"]
[Date "2007.4.24"]
[Round "-"]
[White "Pato"]
[Black "rover"]
[Result "0-1"]
[WhiteElo "2012"]
[BlackElo "2129"]

1. e4 d5 2. exd5 Nf6 3. c4 e6 4. dxe6 Bxe6 5. d4 Bb4+ 6. Nc3 Qe7 7. Be3 Ne4 8.
Qb3 Nc6 9. Nf3 O-O-O 10. d5 Na5 11. Qc2 Bf5 12. Bd3 Nxc4 13. Bxc4 Ng3 14. Qb3
Nxh1 15. O-O-O Nxf2 16. Bxf2 Rhe8 17. Nd4 Bg6 18. a3 Qg5+ 19. Rd2 Bxc3 20. Qxc3
Qxg2 21. Bd3 Qxd5 22. Bxg6 hxg6 23. Bg3 Rd7 24. Nb3 Qh1+ 25. Kc2 Qe4+ 26. Kc1
Qh1+ 27. Kc2 Re2 0-1

[Event "AUTO-MASTER-312"]
[Site "http://www.queenalice.com/game.php?id=209098"]
[Date "2007.5.10"]
[Round "1"]
[White "rover"]
[Black "JulioCG"]
[Result "1-0"]
[WhiteElo "2251"]
[BlackElo "1900"]

1. e4 c5 2. Nf3 Nc6 3. d4 cxd4 4. c3 dxc3 5. Nxc3 e6 6. Bc4 d6 7. O-O Nf6 8. Qe2
Be7 9. Rd1 Bd7 10. Nb5 a6 11. Nxd6+ 1-0

[Event "AUTO-MASTER-312"]
[Site "http://www.queenalice.com/game.php?id=209113"]
[Date "2007.5.10"]
[Round "1"]
[White "stuntlinguist"]
[Black "rover"]
[Result "1/2-1/2"]
[WhiteElo "2155"]
[BlackElo "2249"]

1. e4 d5 2. exd5 Nf6 3. d4 Bg4 4. f3 Bf5 5. Bb5+ Nbd7 6. c4 a6 7. Ba4 b5 8. cxb5
Nxd5 9. Bb3 e6 10. Bxd5 exd5 11. Ne2 axb5 12. O-O Bd6 13. Ng3 Bxg3 14. hxg3 O-O
15. Nc3 c6 16. Be3 Re8 17. Qd2 Nb6 18. b3 Qd6 19. Bf2 Qb4 20. Rfe1 Red8 21. Ne4
Qxd2 22. Nxd2 h5 23. Nf1 Ra3 24. Ne3 Bg6 25. Rec1 Rd6 26. Nc2 Bxc2 27. Rxc2 Nc8
28. Rac1 Na7 29. Be1 Re6 30. Bb4 Ra6 31. Bc5 Nc8 32. Kf2 Nd6 33. Bxd6 Rxd6 34.
Ra1 b4 35. Re1 Rd8 36. Rec1 Rda8 37. Rxc6 Rxc6 38. Rxc6 Rxa2+ 39. Kf1 Rd2 40.
Rb6 Rxd4 41. Ke2 Kf8 42. Ke3 Rd1 43. Rxb4 Ke7 44. Rd4 Rb1 45. Rxd5 Rxb3+ 46. Rd3
Rxd3+ 47. Kxd3 g5 48. Ke3 Ke6 49. f4 Kf5 50. Kf3 f6 51. Kf2 gxf4 52. gxf4 Kxf4
53. g3+ Kg5 54. Kf3 Kf5 55. Kf2 Kg5 56. Kf3 Kf5 57. Kf2 Kg4 58. Kg2 f5 59. Kf2
Kh3 60. Kf3 Kh2 61. Kf2 Kh1 62. Kf1 Kh2 1/2-1/2

[Event "AUTO-MASTER-312"]
[Site "http://www.queenalice.com/game.php?id=209114"]
[Date "2007.5.10"]
[Round "1"]
[White "rover"]
[Black "stuntlinguist"]
[Result "0-1"]
[WhiteElo "2288"]
[BlackElo "2104"]

1. e4 c5 2. Nf3 Nc6 3. d4 cxd4 4. c3 d5 5. exd5 Qxd5 6. cxd4 Bg4 7. Nc3 Bxf3 8.
Nxd5 Bxd1 9. Nc7+ Kd7 10. Nxa8 Bh5 11. Bb5 Kc8 12. Bf4 e6 13. O-O Nge7 14. Nc7
e5 15. dxe5 Kxc7 16. e6+ Kc8 17. Bc4 Na5 18. Rac1 Nxc4 19. Rxc4+ Nc6 20. Re1
fxe6 21. Rxe6 Bf7 22. Rexc6+ bxc6 23. Rxc6+ Kd8 24. Rc7 Bxa2 25. Rxa7 Bd5 26.
Bc7+ Kc8 27. Be5 Bb7 28. Ra4 Kd7 29. b4 Bd6 30. Bd4 Re8 31. f3 g6 32. b5 Ra8 33.
Ra7 Rxa7 34. Bxa7 Be5 35. Kf2 Kd6 36. f4 Bc3 37. g4 Bc8 38. Kf3 Bd7 39. b6 Kc6
40. Bb8 Kxb6 41. h4 Kc6 42. Be5 Bxe5 43. fxe5 Kd5 44. Kf4 h6 0-1

[Event "AUTO-MASTER-312"]
[Site "http://www.queenalice.com/game.php?id=209123"]
[Date "2007.5.10"]
[Round "1"]
[White "loko"]
[Black "rover"]
[Result "0-1"]
[WhiteElo "2057"]
[BlackElo "2274"]

1. e4 d5 2. exd5 Nf6 3. Bc4 Nxd5 4. Nf3 Nb6 5. Bb3 c5 6. c3 Nc6 7. O-O e5 8. Re1
Bd6 9. d4 cxd4 10. cxd4 O-O 11. dxe5 Bb4 12. Nc3 Bg4 13. h3 Qxd1 14. Rxd1 Bxf3
15. gxf3 Nxe5 16. Kg2 a5 17. Ne4 a4 18. Bc2 Rac8 19. Be3 Rxc2 20. Bxb6 Nc4 21.
Bd4 Nxb2 22. Rdb1 a3 23. Rg1 Rd8 24. Be3 Nc4 25. Bf4 f5 26. Ng3 g6 27. Rgb1 Bd2
28. Bc7 Rc8 29. Rxb7 Ne3+ 30. Kg1 R8xc7 31. Rxc7 Rxc7 32. fxe3 Bxe3+ 33. Kf1 Rc2
34. Ne2 Kg7 35. Ke1 Kf6 36. Kd1 Rd2+ 37. Ke1 Ke5 38. f4+ Ke4 39. Nc3+ Kf3 40.
Nb5 Rh2 0-1

[Event "AUTO-MASTER-312"]
[Site "http://www.queenalice.com/game.php?id=209124"]
[Date "2007.5.10"]
[Round "1"]
[White "rover"]
[Black "loko"]
[Result "1-0"]
[WhiteElo "2255"]
[BlackElo "2077"]

1. e4 e5 2. f4 exf4 3. Nc3 Qh4+ 4. Ke2 Nc6 5. Nf3 Qg4 6. d4 Bb4 7. Nd5 Ba5 8.
Bxf4 Nge7 9. h3 Qg6 10. Qd3 O-O 11. Nxe7+ Nxe7 12. g4 Re8 13. Kf2 d5 14. exd5
Qxd3 15. Bxd3 Nxd5 16. Bd2 Bxd2 17. Nxd2 Nb4 18. Be4 c6 19. a3 Na6 20. c4 Be6
21. Rhe1 Rad8 22. d5 cxd5 23. cxd5 Bd7 24. b4 Ba4 25. Rac1 Rc8 26. d6 Bc6 27.
Bxc6 bxc6 28. d7 1-0

[Event "AUTO-OPEN-583"]
[Site "http://www.queenalice.com/game.php?id=298595"]
[Date "2007.11.5"]
[Round "3"]
[White "Juanjo"]
[Black "rover"]
[Result "1-0"]
[WhiteElo "2086"]
[BlackElo "2176"]

1. e4 d5 2. exd5 Nf6 3. d4 Bg4 4. Nf3 Qxd5 5. Be2 e6 6. O-O Nc6 7. Nc3 Qf5 8.
Be3 O-O-O 9. h3 Bxf3 10. Bxf3 Nxd4 11. Bxd4 c5 12. Nb5 cxd4 13. Nxd4 Qc5 14. c3
e5 15. Qb3 e4 16. Be2 1-0

[Event "AUTO-OPEN-583"]
[Site "http://www.queenalice.com/game.php?id=298596"]
[Date "2007.11.5"]
[Round "3"]
[White "rover"]
[Black "Juanjo"]
[Result "0-1"]
[WhiteElo "2161"]
[BlackElo "2105"]

1. e4 e5 2. f4 d5 3. exd5 e4 4. d3 Nf6 5. Nc3 Bb4 6. dxe4 Nxe4 7. Bb5+ c6 8.
dxc6 Bxc3+ 9. Ke2 Qxd1+ 10. Kxd1 bxc6 11. bxc3 cxb5 12. Ke2 Nc6 13. Ba3 Nxc3+
14. Kd3 Nd5 15. Re1+ Kd8 16. c4 Nxf4+ 0-1